000 00459nam a2200193Ia 4500
003 GCL
008 140319s9999 xx 000 0 eng d
040 _aGCL /
_cGCL
082 0 4 _a297
_bH G
100 1 _aHAERI, SHAYKH
245 1 0 _aTHE ELEMENTS OF ISLAM /
_cHAERI, SHAYKH
700 1 _aFADHALLA
260 _a[S.N] :
_bELEMENT ،
_c1994
300 _a168P
650 0 4 _aنجد
650 0 4 _aMUSLIMS
650 0 4 _aATTITUDES OF ISLAM
942 _2ddc
_cBK
999 _c11123
_d11123